[Event "San Francisco TNM Summer op"]
[Site "San Francisco"]
[Date "2015.06.23"]
[Round "5"]
[White "Argo, Guy M"]
[Black "Everett, Willard III"]
[Result "1-0"]
[WhiteElo "1893"]
[BlackElo "1672"]
[PlyCount "25"]
[EventDate "2015.05.26"]
[EventType "swiss"]
[EventRounds "8"]
[EventCountry "USA"]
[SourceTitle "EXT 2016"]
[Source "ChessBase"]
[SourceDate "2015.10.08"]
[SourceVersion "1"]
[SourceVersionDate "2015.10.08"]
[SourceQuality "1"]

1. e4 d5 2. exd5 Qxd5 3. Nc3 Qa5 4. d4 Nf6 5. Nf3 Bg4 6. h3 Bxf3 7. Qxf3 c6 8. Bd3 Nbd7 9. 0-0 e6 10. Bf4 Be7 11. Ne4 Nxe4 12. Bxe4 Nf6 13. Bxc6+ 1-0

[Event "San Francisco TNM Winter op"]
[Site "San Francisco"]
[Date "2015.02.24"]
[Round "8"]
[White "Everett, Willard III"]
[Black "Robertson, Guy"]
[Result "0-1"]
[WhiteElo "1673"]
[BlackElo "1477"]
[PlyCount "54"]
[EventDate "2015.01.06"]
[EventType "swiss"]
[EventRounds "8"]
[EventCountry "USA"]
[SourceTitle "EXT 2016"]
[Source "ChessBase"]
[SourceDate "2015.10.08"]
[SourceVersion "1"]
[SourceVersionDate "2015.10.08"]
[SourceQuality "1"]

1. d4 Nf6 2. Bg5 e6 3. c4 d5 4. Nc3 Be7 5. cxd5 exd5 6. e3 0-0 7. Bd3 c6 8. Qc2 h6 9. h4 a5 10. Nf3 Na6 11. a3 Bd7 12. Ne5 Nc7 13. Bxf6 Bxf6 14. g4 Bxe5 15. dxe5 Bxg4 16. Kd2 d4 17. Ne4 dxe3+ 18. Kxe3 Nd5+ 19. Kd2 Bf3 20. Rhe1 Qxh4 21. Qc4 Nf4 22. Rg1 Rad8 23. Nd6 Qxf2+ 24. Kc3 Nd5+ 25. Kb3 Qb6+ 26. Ka2 Nb4+ 27. Kb1 Qxg1+ 0-1

[Event "San Francisco TNM Winter op"]
[Site "San Francisco"]
[Date "2015.01.06"]
[Round "1"]
[White "Everett, Willard III"]
[Black "Winslow, Elliott C"]
[Result "0-1"]
[WhiteElo "1673"]
[BlackElo "2283"]
[PlyCount "55"]
[EventDate "2015.01.06"]
[EventType "swiss"]
[EventRounds "8"]
[EventCountry "USA"]
[SourceTitle "EXT 2016"]
[Source "ChessBase"]
[SourceDate "2015.10.08"]
[SourceVersion "1"]
[SourceVersionDate "2015.10.08"]
[SourceQuality "1"]

1. d4 Nf6 2. Bg5 Ne4 3. Nf3 c5 4. dxc5 Qa5+ 5. Nbd2 Nxg5 6. Nxg5 Qxc5 7. Nge4 Qc7 8. e3 g6 9. Bc4 Bg7 10. Qf3 0-0 11. Ng5 e6 12. h4 Qe5 13. c3 h6 14. Qh3 hxg5 15. hxg5 Rd8 16. f4 Qf5 17. g4 Qc2 18. Rb1 d5 19. Bb3 Qd3 20. Rc1 Nc6 21. Bc2 Qb5 22. Nb3 b6 23. Rd1 Ba6 24. Rd2 Kf8 25. Qh7 Ne7 26. Nd4 Qxb2 27. f5 Qc1+ 28. Kf2 0-1